000 00649nam a22001817a 4500
999 _c160429
_d160429
005 20190129144711.0
020 _c75.00
_a 8120723120
035 _aB-013693
037 _b
_adpl
082 _a613.7046
100 _aभाटिया, प्रेम
245 1 _aयोग एक सहज प्रयास /
_cप्रेम भाटिया
260 _aनई दिल्ली
_bस्टर्लिग पब्लिशर्स
_c 2000
270 _a
_b
_e
_k
300 _a128पृ.
_c22सेमी (अजिल्द)
700 _a
_948488
942 _adpl
_cHN
_k
_2ddc
_h613.7046
_mभाटिया